LEADER 01422nam1-22003731i-450- 001 990005403390203316 005 20050721120000.0 035 $a000540339 035 $aUSA01000540339 035 $a(ALEPH)000540339USA01 035 $a000540339 100 $a20050721d1983-------|0itac50------ba 101 $aita 102 $aIT 105 $a|||| ||||| 200 1 $aFirenze e la Toscana dei Medici Medici nell'Europa del '500 210 $aFirenze$cL. S. Olschki$d1983 215 $a3 v.$cill., tav.$d21 cm. 225 2$aBiblioteca di storia toscana moderna e contemporanea$v26 410 1$12001$aBiblioteca di storia toscana moderna e contemporanea$v26 463 \1$1001990005414820203316$12001 $a<<1:>> Strumenti e veicoli della cultura$aRelazioni politiche ed economiche - Firenze$eL. S. Olschki, 1983 - VI, 362 p., 14 c. di tav.$eill. ; 21 cm. 463 \1$1001990005414830203316$12001 $a<<2: >> Musica e spettacolo$aScienze dell'uomo e della natura 463 \1$1001990005414840203316$12001 $a3$eRelazioni artistiche ; Il linguaggio architettonico 606 $aFirenze$xSec. 16.$xCultura$2FI 620 $dFirenze 676 $a945.51$v21 712 $aOlschki 801 $aIT$bSOL$c20120104 912 $a990005403390203316 959 $aBK 969 $aDISES 979 $c20121027$lUSA01$h1531 996 $aFirenze e la Toscana dei Medici Medici nell'Europa del '500$91141600 997 $aUNISA LEADER 02970 am 2200541 n 450 001 9910495843103321 005 20240104030444.0 010 $a2-7535-3685-6 024 7 $a10.4000/books.pur.27072 035 $a(CKB)3710000001633438 035 $a(FrMaCLE)OB-pur-27072 035 $a(PPN)202672727 035 $a(EXLCZ)993710000001633438 100 $a20170504j|||||||| ||| 0 101 0 $afre 135 $auu||||||m|||| 200 00$aGhettos urbains ?$eLa sécurisation aux États-Unis et en France$fVéronique Levan 210 $aRennes$cPresses universitaires de Rennes$d2017 215 $a1 online resource (246-[VIII] p.) 311 $a2-7535-3308-3 330 $aL'auteur a mené des enquêtes de terrain dans des quartiers populaires de villes mondes, Paris et New York, dans le sillage de l'ethnographe américaine Sally Merry, afin de saisir les enjeux liés à la coproduction de la sécurité, lors de programmes de sécurisation de ghettos urbains. Cette recherche comparative pluridisciplinaire est en outre heuristique, en ce sens où elle rend saillantes certaines réalités de la société américaine en matière de politiques de contrôle social, qui resteraient autrement confinées à la sphère de l'invisible. Même si l'importation de concepts innovants dans le domaine de la régulation sociale, vers des contextes sociopolitiques et culturels diversifiés, est indéniable, il s'avère que l'accent sera davantage mis soit sur la participation informelle des résidents d'îlots sociaux en faveur de la sécurité, soit sur la surveillance formelle, selon que l'on est sur l'une ou l'autre rive de l'Atlantique. Cette analyse apporte des éléments de réponse aux décideurs politiques locaux et nationaux, aux urbanistes, aux étudiants américanistes, géographes ou sociologues intéressés par ces questions urbaines, dans la mesure où le curseur se place du côté des destinataires et bénéficiaires de l'offre sécuritaire. Comment perçoivent-ils la privatisation grandissante de leur milieu de vie ? Celle-ci s'accompagne-t-elle d'une meilleure justice sociale dans les ghettos urbains, sur le plan de l'accès à la sécurité ? 517 $aGhettos urbains ? 606 $aUrban Studies 606 $aSocial Issues 606 $aquartiers pauvres 606 $aFrance 606 $aÉtats-Unis 606 $aétude comparative 606 $aségrégation sociale 606 $asécurité 606 $aParis 606 $aNew York 615 4$aUrban Studies 615 4$aSocial Issues 615 4$aquartiers pauvres 615 4$aFrance 615 4$aÉtats-Unis 615 4$aétude comparative 615 4$aségrégation sociale 615 4$asécurité 615 4$aParis 615 4$aNew York 700 $aLevan$b Véronique$01453678 801 0$bFR-FrMaCLE 906 $aBOOK 912 $a9910495843103321 996 $aGhettos urbains$93656653 997 $aUNINA